KOHA-Header-6

Sunharay Aouraq (Record no. 6159)

000 -LEADER
fixed length control field 00255nam a2200109Ia 4500
008 - FIXED-LENGTH DATA ELEMENTS--GENERAL INFORMATION
fixed length control field 190906s9999||||xx |||||||||||||| ||und||
100 ## - MAIN ENTRY--PERSONAL NAME
Personal name Abdul Maalik Mujahid
245 #0 - TITLE STATEMENT
Title Sunharay Aouraq
260 ## - PUBLICATION, DISTRIBUTION, ETC. (IMPRINT)
Place of publication, distribution, etc Lahore
Name of publisher, distributor, etc Darussalam
Date of publication, distribution, etc 1996
300 ## - PHYSICAL DESCRIPTION
Extent 376
942 ## - ADDED ENTRY ELEMENTS (KOHA)
Koha item type Books
Holdings
Withdrawn status Lost status Source of classification or shelving scheme Damaged status Not for loan Collection code Permanent Location Current Location Shelving location Date acquired Total Checkouts Full call number Barcode Date last seen Date checked out Price effective from Koha item type
          Islamic Studies MAJU MAJU   2019-09-06 1 910.3 5178 2024-05-17 2023-10-12 2019-09-06 Islamic Studies

Powered by Koha